<?xml version="1.0" encoding="UTF-8"?>
<record
    xmlns:xsi="http://www.w3.org/2001/XMLSchema-instance"
    xsi:schemaLocation="http://www.loc.gov/MARC21/slim http://www.loc.gov/standards/marcxml/schema/MARC21slim.xsd"
    xmlns="http://www.loc.gov/MARC21/slim">

  <leader>00237nam a22001217a 4500</leader>
  <datafield tag="040" ind1=" " ind2=" ">
    <subfield code="c">HS</subfield>
  </datafield>
  <datafield tag="082" ind1=" " ind2=" ">
    <subfield code="a">615</subfield>
  </datafield>
  <datafield tag="100" ind1=" " ind2=" ">
    <subfield code="a">NA</subfield>
  </datafield>
  <datafield tag="245" ind1=" " ind2=" ">
    <subfield code="a">Practical veterinary therapeutics</subfield>
  </datafield>
  <datafield tag="260" ind1=" " ind2=" ">
    <subfield code="a">Cambodia </subfield>
    <subfield code="b">NA</subfield>
    <subfield code="c">1994</subfield>
  </datafield>
  <datafield tag="300" ind1=" " ind2=" ">
    <subfield code="a">48p;</subfield>
  </datafield>
  <datafield tag="942" ind1=" " ind2=" ">
    <subfield code="c">EK</subfield>
  </datafield>
  <datafield tag="999" ind1=" " ind2=" ">
    <subfield code="c">9258</subfield>
    <subfield code="d">9258</subfield>
  </datafield>
  <datafield tag="952" ind1=" " ind2=" ">
    <subfield code="0">0</subfield>
    <subfield code="1">0</subfield>
    <subfield code="4">0</subfield>
    <subfield code="6">615_000000000000000_NA_1994_C252</subfield>
    <subfield code="7">0</subfield>
    <subfield code="9">50998</subfield>
    <subfield code="a">LBC</subfield>
    <subfield code="b">LBC</subfield>
    <subfield code="c">C252</subfield>
    <subfield code="d">2016-08-29</subfield>
    <subfield code="o">615 NA 1994 C252</subfield>
    <subfield code="p">RUA062650</subfield>
    <subfield code="r">2016-08-29</subfield>
    <subfield code="y">EK</subfield>
  </datafield>
  <datafield tag="952" ind1=" " ind2=" ">
    <subfield code="0">0</subfield>
    <subfield code="1">0</subfield>
    <subfield code="4">0</subfield>
    <subfield code="6">615_000000000000000_NA_1994_C252</subfield>
    <subfield code="7">0</subfield>
    <subfield code="9">50999</subfield>
    <subfield code="a">LBC</subfield>
    <subfield code="b">LBC</subfield>
    <subfield code="c">C254</subfield>
    <subfield code="d">2016-08-29</subfield>
    <subfield code="o">615 NA 1994 C252</subfield>
    <subfield code="p">RUA062736</subfield>
    <subfield code="r">2016-08-29</subfield>
    <subfield code="y">EK</subfield>
  </datafield>
  <datafield tag="952" ind1=" " ind2=" ">
    <subfield code="0">0</subfield>
    <subfield code="1">0</subfield>
    <subfield code="4">0</subfield>
    <subfield code="6">615_000000000000000_NA_1994_C252</subfield>
    <subfield code="7">0</subfield>
    <subfield code="9">51000</subfield>
    <subfield code="a">LBC</subfield>
    <subfield code="b">LBC</subfield>
    <subfield code="c">C252</subfield>
    <subfield code="d">2016-08-29</subfield>
    <subfield code="o">615 NA 1994 C252</subfield>
    <subfield code="p">RUA062331</subfield>
    <subfield code="r">2016-08-29</subfield>
    <subfield code="y">EK</subfield>
  </datafield>
</record>
